ا ر د و کا لسا نيا تی سر ما يہ (Record no. 91667)

MARC details
000 -LEADER
fixed length control field 00749nam a22002297a 4500
005 - DATE AND TIME OF LATEST TRANSACTION
control field 20150220115800.0
008 - FIXED-LENGTH DATA ELEMENTS--GENERAL INFORMATION
fixed length control field 140714b xxu||||| |||| 00| 0 Urdu d
010 ## - LCCN (DPL NO)
LC control number UR-8647
020 q# - INTERNATIONAL STANDARD BOOK NUMBER
Terms of availability 300.00
020 ## - INTERNATIONAL STANDARD BOOK NUMBER
Terms of availability 9789350732601
035 ## - SYSTEM CONTROL NUMBER
System control number U-7202
037 ## - SOURCE OF ACQUISITION
Source of stock number/acquisition DBAD/Pub.
040 ## - CATALOGING SOURCE
Original cataloging agency DPL
Language of cataloging Urdu
082 ## - DEWEY DECIMAL CLASSIFICATION NUMBER
Classification number 440
100 ## - MAIN ENTRY--PERSONAL NAME
Personal name سيد ا قبا ل احمد
245 ## - TITLE STATEMENT
Title ا ر د و کا لسا نيا تی سر ما يہ
Statement of responsibility, etc سيد ا قبا ل احمد
246 ## - VARYING FORM OF TITLE
Title proper/short title Urdu ka Lesaniyati Sarmaya
Remainder of title By Syed Iqbal Ahmed
260 ## - PUBLICATION, DISTRIBUTION, ETC. (IMPRINT)
Place of publication, distribution, etc د ھلی
Name of publisher, distributor, etc Educational Publishing House
Date of publication, distribution, etc 2014
270 ## - ADDRESS
Address 3108,Vakeel Street,Kucha Pandit,Lal Kuan
City .Delhi
Postal code 110006
300 ## - PHYSICAL DESCRIPTION
Extent 304ص
Dimensions 22Cm (Hb)
942 ## - ADDED ENTRY ELEMENTS (KOHA)
Source of classification or shelving scheme Dewey Decimal Classification
Item type Urdu Bks
Edition
Classification part 440
Call number suffix ا ق ب
Holdings
Withdrawn status Lost status Source of classification or shelving scheme Damaged status Not for loan Collection code Home library Current library Date acquired Source of acquisition Cost, normal purchase price Total Checkouts Full call number Barcode Date last seen Copy number Cost, replacement price Koha item type
    Dewey Decimal Classification   Not For Loan Non-fiction D.B.Act.Division D.B.Act.Division 20/02/2015 DBAD/Pub. 300.00   440 ا ق ب U-7202 20/02/2015 1 300.00 Urdu Bks

© Delhi Public Library
Hit Counter
free hit counter